000 00534nam a22001937a 4500
003 OSt
005 20170222145823.0
008 170222b xxu||||| |||| 00| 0 eng d
020 _a9781845420895
040 _c040a
082 _a001.4
_bHAN 2009
245 _aHandbook of research on complexity /
_cJ. Barkley Rosser, Jr.
260 _aCheltenham
_bEdward Elgar
_c2009
300 _aviii, 436p;
_bill :
_c12 cm.
504 _aIncludes index
650 _aResearch
_93727
700 _aRosser, J. Barkley
_911636
942 _2ddc
_cO_SHELF
999 _c5570
_d5570